LEADER 01097nam a2200277 a 4500 001 000000124607 003 CaOOAMICUS 005 20110309123113.0 008 110309s2011 it u000 u ita r 020 $a978-88-13-30876-6 040 $aPUL$bita 082 04$a347.45 100 1 $aDiana, Antonio Gerardo.$0(OLS)http://pul/name/70518 245 13$aIl procedimento di cognizione ordinaria /$cAntonio Gerardo Diana. 260 $aPadova :$bCEDAM,$c2011. 300 $aXXXVII, 801 p. ;$c24 cm$e+ 1 Cd-Rom 500 $aInclude indice. 650 14$aDiritto civile$zItalia.$0(OLS)http://pul/subject/3770 850 $aPUL 852 $aPUL$W1$xSL Diritto e Scienze Sociali 3$y79$m347. 45 DIAAN 1$j143494$qDDC 21$B142523$CPULBib$Z2$F142523 $H115771 $82 941 1 $a9 996 $6020$a978-88-13-30876-6$9(OLS)http://pul/number/146619 996 $6082$a347.45$9(OLS)http://pul/classification/384 996 $6245$aIl procedimento di cognizione ordinaria$9(OLS)http://pul/title/157079 996 $6260$aPadova :$bCEDAM$9(OLS)http://pul/publisher/48126 LEADER 01317nam a2200301 u 4500 001 000000079130 003 CaOOAMICUS 005 20070226123515.0 008 040526s2004 it u000 u ita u 020 $a8822253396 035 $a10996837 040 $aEFR$bita$dAAR 100 1 $aBassi, Simonetta.$0(OLS)http://pul/name/52715 245 12$aL'arte di Giordano Bruno :$bmemoria, furore, magia /$cSimonetta Bassi. 246 38$aArte di G. Bruno 260 $aFirenze :$bL.S. Olschki,$c2004. 300 $axiii, 238 p. ;$c24 cm 490 1 $aStudi e testi,$x0394-4400 ;$v44 504 $aNotes bibliogr. Index. 600 10$aBruno, Giordano,$d1548-1600$xCriticism and interpretation.$2//eng$0(OLS)http://pul/subject/20189 830 0$aStudi e testi (Istituto nazionale di studi sul Rinascimento) ;$v44.$0(OLS)http://pul/title/6842 850 $aPUL 852 $aPUL$W1$xSL Filosofia 3$y81$m195 BASSI 1$j101331$nBK-PRI$qDDC 21$B101331$CPULBib$Z2$F101331 $H97769 $82 941 1 $a9 996 $6020$a8822253396$9(OLS)http://pul/number/103862 996 $6245$aL'arte di Giordano Bruno :$bmemoria, furore, magia$9(OLS)http://pul/title/103582 996 $6246$aArte di G. Bruno$9(OLS)http://pul/title/103583 996 $6260$aFirenze :$bL.S. Olschki$9(OLS)http://pul/publisher/47916